Cuerpo, mente y ser personal (Registro nro. 1273)

Detalles MARC
000 -Cabecera
Campo de control interno 00424nam a2200181Ia 4500
005 - Fecha y hora del registro
control field 20260306140620.0
008 - Elementos de Longitud Fija
fixed length control field 260306t2019||||xx |||||||||||||| ||spa||
041 ## - Idioma
Codigo Idioma ESP
082 ## - DEWEY y NOTACIÓN INTERNA
Dewey 190
Notación Interna S21
100 ## - AUTOR
Autor denominación Sanguineti, Juan José,
Término de relación autor
245 #0 - TÍTULO DE MATERIAL BIBLIOGRÁFICO
Título Cuerpo, mente y ser personal
260 ## - CIUDAD, EDITORIAL, AÑO
Año 2019
300 ## - DESCRIPCIÓN
N° Páginas 207 páginas :
Dimensiones 20 cm.
650 ## - TEMAS
Temas Generalidades
654 ## - PROGRAMAS
Programa Dpto. de Humanidades
942 ## - ELEMENTOS DE KOHA
Tipo de documento Libro
Nombre del creador Justo Noguera
Código de catalogador Justo Noguera
Esquema de clasificación Dewey Decimal Classification
Suppress in OPAC
Existencias
Codigo completo Registro Colección Copia número Disponibilidad Tipo de préstamo Biblioteca Actual Procedencia (Biblioteca) Ubicacón Fecha Ingreso Tipo de Adquisición Date last seen Total checkouts Price effective from Tipo de Item Estado del Material Fuente de Clasificación Damaged status Withdrawn status
190 S21 1081863 Universidad Católica San Pablo 1 Disponible Disponible Víctor Andrés Belaunde Víctor Andrés Belaunde Planta baja abierta 03/06/2026 Donación 06/03/2026   06/03/2026 Libro Bueno Dewey Decimal Classification